| 000 | 00518cam a2200205ua 4500 | ||
|---|---|---|---|
| 020 |
_a81-224-0373-5 _c165.00 |
||
| 041 |
_aeng _h |
||
| 082 |
_a530 _bCHA/EL |
||
| 100 | _aChattopadhyay, D . | ||
| 245 |
_aElements of physics, Vol I / _cD.Chattopadhyay. _hTextual Documents |
||
| 250 |
_a2 / _b. |
||
| 260 |
_a : _bNew Age International Ltd , _c1997. |
||
| 300 | _a506 ; . | ||
| 365 | _a165.00 | ||
| 504 | _a | ||
| 700 | 1 | _aRakshit, P.C . | |
| 942 | _cBK | ||
| 999 |
_c2031 _d2031 |
||